Urban Sociology (Record no. 1439810)

MARC details
000 -LEADER
fixed length control field 00494nam a2200181Ia 4500
005 - DATE AND TIME OF LATEST TRANSACTION
control field 20250923144516.0
008 - FIXED-LENGTH DATA ELEMENTS--GENERAL INFORMATION
fixed length control field 008 250917s9999 xx 000 0 eng d
037 ## - SOURCE OF ACQUISITION
Stock number Reports
040 ## - CATALOGING SOURCE
Original cataloging agency DSWL
Language of cataloging eng
Transcribing agency DSWL
041 ## - LANGUAGE CODE
Language code of text/sound track or separate title eng
Source of code eng
084 ## - COLON CLASSIFICATION NUMBER
Assigning agency DSWL
100 ## - MAIN ENTRY--PERSONAL NAME
Personal name Bergel, Egon Ernest
9 (RLIN) 825597
245 #0 - TITLE STATEMENT
Title Urban Sociology
Statement of responsibility, etc. by Egon Ernest Bergel
260 ## - PUBLICATION, DISTRIBUTION, ETC.
Place of publication, distribution, etc. New York
Name of publisher, distributor, etc. Mc Graw Hill Book Company
Date of publication, distribution, etc. 1955
300 ## - PHYSICAL DESCRIPTION
Extent xiv,556p.
942 ## - ADDED ENTRY ELEMENTS (KOHA)
Koha item type Reports
Holdings
Withdrawn status Lost status Damaged status Not for loan Home library Current library Date acquired Total Checkouts Barcode Date last seen Price effective from Koha item type
        Department of Social Work Library Department of Social Work Library 2025-09-23   SW0004006 2025-09-23 2025-09-23 Reports
Copyright @ Delhi University Library System